[Event "Challenge"]
[Site "http://www.queenalice.com/game.php?id=1593189"]
[Date "2019.12.16"]
[Round "-"]
[White "roberto_falk"]
[Black "Vetao"]
[Result "1-0"]
[WhiteElo "1638"]
[BlackElo "1709"]

1. d4 d5 2. Bf4 g6 3. e3 Bg7 4. Nf3 a6 5. Bd3 Nc6 6. c4 dxc4 7. Bxc4 e6 8. O-O
b5 9. Bb3 Nge7 10. Nbd2 O-O 11. Qc2 Bb7 12. Rac1 Nb4 13. Qxc7 Qxc7 14. Rxc7 Bxf3
15. Nxf3 Ned5 16. Bxd5 Nxd5 17. Rc5 Nb4 18. a3 Nd3 19. Rc2 Rac8 20. Rd2 Nc1 21.
Ne5 Bxe5 22. Bxe5 Nb3 23. Rdd1 Rc2 24. d5 exd5 25. Rxd5 Nc1 26. h4 h5 27. Rfd1
Rcc8 28. Bf6 Nb3 29. f4 Nc5 30. R1d4 Ne6 31. Re4 Rfe8 32. Ree5 Nf8 33. Rg5 Ne6
34. Rxh5 Ng7 35. Rhg5 Nh5 36. Rxh5 gxh5 37. Rxh5 1-0

[Event "Challenge"]
[Site "http://www.queenalice.com/game.php?id=1596163"]
[Date "2020.1.13"]
[Round "-"]
[White "roberto_falk"]
[Black "Vetao"]
[Result "1-0"]
[WhiteElo "1657"]
[BlackElo "1690"]

1. d4 d5 2. Bf4 h6 3. Nf3 Nc6 4. e3 a6 5. Bd3 Qd7 6. Nbd2 Qg4 7. O-O Nf6 8. h3
Qd7 9. c4 e6 10. c5 b6 11. cxb6 cxb6 12. Rc1 Bd6 13. Rc2 Nb4 14. Rc3 Nxa2 15.
Rb3 b5 16. Bxd6 Qxd6 17. Ne5 O-O 18. Ndf3 Nb4 19. Bb1 Ne4 20. Nd2 Nf6 21. Qf3
Nc6 22. Qg3 Nh5 23. Qh4 Nxe5 24. Qxh5 Ng6 25. Nf3 Bd7 26. Bxg6 fxg6 27. Qxg6 Rf6
28. Qh5 Be8 29. Qe5 Qc6 30. Rc3 Qb6 31. Rc7 Rf7 32. Rfc1 Rxc7 33. Rxc7 Bf7 34.
Qf4 Rf8 35. Rd7 1-0

[Event "Challenge"]
[Site "http://www.queenalice.com/game.php?id=1600163"]
[Date "2020.2.20"]
[Round "-"]
[White "Vetao"]
[Black "roberto_falk"]
[Result "0-1"]
[WhiteElo "1673"]
[BlackElo "1674"]

1. e4 c5 2. Nh3 g6 3. Bc4 Bg7 4. Ng5 e6 5. d3 Nf6 6. Nd2 O-O 7. Ndf3 Nc6 8. O-O
d5 9. exd5 exd5 10. Bb5 a6 11. Bxc6 bxc6 12. d4 c4 13. Ne5 Qd6 14. g3 Nd7 15.
Nxd7 Bxd7 16. b3 h6 17. Bf4 Qf6 18. Nf3 Rae8 19. Ne5 Bh3 20. Re1 h5 21. bxc4 h4
22. Nd7 Bxd7 23. cxd5 Rxe1+ 24. Qxe1 Qxd4 25. Rd1 Qc3 26. Qe2 Re8 27. Qf1 cxd5
28. Bd2 Qf3 29. Rb1 Bc6 30. Rb3 Qe4 31. Re3 Qxc2 32. Rxe8+ Bxe8 33. Bf4 d4 34.
gxh4 d3 35. Qe1 Bb5 36. h5 Bc3 37. Qe7 Qd1+ 38. Kg2 Qg4+ 39. Bg3 Bc6+ 0-1

[Event "Challenge"]
[Site "http://www.queenalice.com/game.php?id=1602137"]
[Date "2020.3.10"]
[Round "-"]
[White "roberto_falk"]
[Black "Vetao"]
[Result "1-0"]
[WhiteElo "1690"]
[BlackElo "1657"]

1. e4 e5 2. Nf3 Bd6 3. Bc4 Nc6 4. d3 h6 5. Be3 b6 6. Nc3 Bb7 7. Ne2 Qe7 8. c3
Na5 9. Bb5 a6 10. Ba4 b5 11. Bc2 Nf6 12. h3 c5 13. d4 cxd4 14. cxd4 Bxe4 15.
dxe5 Bxe5 16. Nxe5 Qxe5 17. Bd4 Qf5 18. Ng3 Qe6 19. O-O O-O 20. Re1 d5 21. f3
Qd6 22. fxe4 Qxg3 23. Bxf6 gxf6 24. Qh5 Rae8 25. Rf1 Qe3+ 26. Kh2 Re5 27. Rf5
Rc8 28. Rxe5 fxe5 29. Qg4+ Qg5 30. Qxc8+ Kg7 31. exd5 Nc4 32. Qg4 Ne3 33. Qxg5+
hxg5 34. Be4 Kf6 35. g4 Ke7 36. Kg3 Nc4 37. b3 Nd6 38. Kf3 a5 39. a4 b4 40. Rh1
Nb7 41. Bd3 Nc5 42. Bc4 e4+ 43. Ke3 Kd6 44. Rf1 Nd3 45. Kxe4 Nf4 46. Rxf4 gxf4
47. Kxf4 1-0

[Event "Challenge"]
[Site "http://www.queenalice.com/game.php?id=1605204"]
[Date "2020.3.31"]
[Round "-"]
[White "roberto_falk"]
[Black "Vetao"]
[Result "0-1"]
[WhiteElo "1705"]
[BlackElo "1642"]

1. d4 d5 2. Bf4 Nf6 3. e3 e6 4. c3 Be7 5. Bd3 Nc6 6. Nf3 Bd6 7. Be5 Bxe5 8. dxe5
Ng4 9. Bb5 O-O 10. Bxc6 bxc6 11. h3 Nh6 12. Nbd2 Bb7 13. O-O c5 14. Nb3 Qe7 15.
Rc1 d4 16. exd4 cxd4 17. cxd4 Bxf3 18. Qxf3 Nf5 19. Qb7 Qg5 20. f4 Qg3 21. Rf3
Qh4 22. Rxc7 Rfb8 23. Qc6 Qe1+ 24. Kh2 h5 25. Rxf7 h4 26. Qxe6 Ng3 27. Rxg7+
Kxg7 28. Qe7+ Kg8 29. Qxh4 Nf1+ 0-1

[Event "Challenge"]
[Site "http://www.queenalice.com/game.php?id=1606531"]
[Date "2020.4.8"]
[Round "-"]
[White "Vetao"]
[Black "roberto_falk"]
[Result "1-0"]
[WhiteElo "1661"]
[BlackElo "1686"]

1. e4 c5 2. Nf3 g6 3. d4 cxd4 4. Nxd4 Bg7 5. Na3 d6 6. Bb5+ Bd7 7. Be3 a6 8. Bc4
Nf6 9. f3 O-O 10. h4 e5 11. Ne2 Nc6 12. g4 h5 13. gxh5 Nxh5 14. Qxd6 Qa5+ 15.
Bd2 Qb6 16. Qxg6 Qxb2 17. Rb1 Qxa3 18. Qxh5 Be6 19. Bh6 Rfe8 20. Rg1 Kf8 21.
Rxb7 Ra7 22. Bxg7+ Kg8 23. Bh6+ Kh8 24. Bc1# 1-0

[Event "Challenge"]
[Site "http://www.queenalice.com/game.php?id=1607638"]
[Date "2020.4.15"]
[Round "-"]
[White "roberto_falk"]
[Black "Vetao"]
[Result "1-0"]
[WhiteElo "1669"]
[BlackElo "1678"]

1. d4 d5 2. Bf4 e6 3. c3 Nc6 4. e3 h6 5. Bd3 Nf6 6. Nf3 Bd6 7. Ne5 Bxe5 8. dxe5
Nd7 9. Qg4 g6 10. Bxg6 Qe7 11. Bh5 Ndxe5 12. Bxe5 Nxe5 13. Qg7 Nd3+ 14. Ke2 Nf4+
15. exf4 Rf8 16. Re1 b6 17. Kf1 Bb7 18. f5 O-O-O 19. Rxe6 Ba6+ 20. Be2 Bxe2+ 21.
Rxe2 Qh4 22. h3 Rg8 23. Qxf7 Qg5 24. g4 Qc1+ 25. Re1 Qxb2 26. Re7 Qb5+ 27. Kg2
Qc6 28. f3 Rdf8 29. Qe6+ Qxe6 30. Rxe6 Rxf5 31. Rxh6 Re5 32. Kf2 Rge8 33. Na3
Re2+ 34. Kg3 Rf8 35. Nb5 Re3 36. Rf1 a6 37. Nd6+ Kb8 38. c4 dxc4 39. Nxc4 Re2
40. Nxb6 cxb6 41. Rb1 Re3 42. Rbxb6+ Kc7 43. Rxa6 Rexf3+ 44. Kh4 Kb7 45. a4 Re8
46. Rae6 Rc8 47. a5 Rf7 48. a6+ Ka7 49. g5 Rc4+ 50. Kh5 Rg7 51. Reg6 Rf7 52. Rf6
Rfc7 53. Kg6 Ra4 54. Rf7 Rxa6+ 55. Kg7 Rxf7+ 56. Kxf7 Ra5 57. h4 Kb7 58. Rf6 Kc7
59. g6 Rh5 60. g7 Rh7 61. Kf8 Rxh4 62. g8=Q 1-0

[Event "Challenge"]
[Site "http://www.queenalice.com/game.php?id=1608861"]
[Date "2020.4.22"]
[Round "-"]
[White "Vetao"]
[Black "roberto_falk"]
[Result "0-1"]
[WhiteElo "1662"]
[BlackElo "1685"]

1. e4 e6 2. b3 d5 3. Qf3 dxe4 4. Qxe4 Nf6 5. Qf3 Bc5 6. Bd3 Nc6 7. Qg3 O-O 8.
Ne2 Nh5 9. Qg4 Bxf2+ 10. Kxf2 Qf6+ 11. Nf4 Nxf4 12. Nc3 Nxd3+ 13. Ke3 Qf2+ 0-1

[Event "Challenge"]
[Site "http://www.queenalice.com/game.php?id=1610015"]
[Date "2020.4.29"]
[Round "-"]
[White "roberto_falk"]
[Black "Vetao"]
[Result "0-1"]
[WhiteElo "1700"]
[BlackElo "1647"]

1. d4 e6 2. Bf4 Nc6 3. e3 h6 4. Bd3 Nf6 5. Nf3 Bd6 6. Ne5 Bxe5 7. dxe5 Nd5 8.
Qg4 g6 9. Bxg6 Qe7 10. Bh5 Qf8 11. Nd2 b6 12. Ne4 Rg8 13. Qf3 Nxf4 14. Nf6+ Kd8
15. Nxg8 Nxh5 16. Qxh5 Qxg8 17. Qxh6 Ba6 18. h4 Kc8 19. g3 Qg4 20. Kd2 Qe2+ 21.
Kc3 d5 22. b3 d4+ 23. exd4 b5 24. a4 b4+ 25. Kb2 Nxd4 26. Qf8+ Kd7 27. Qxf7+ Kc6
28. Rac1 Qxe5 29. Ka2 Ne2 30. Qf3+ Kb6 31. Qxa8 Nc3+ 32. Ka1 Nd1+ 33. c3 bxc3
34. Ka2 Qe2+ 35. Ka3 Ka5 36. b4+ Kb6 37. Qb8+ Bb7 38. a5+ Ka6 39. b5+ Qxb5 40.
Rhxd1 Qb2+ 41. Ka4 Bc6+ 42. Qb5+ Bxb5# 0-1

[Event "Challenge"]
[Site "http://www.queenalice.com/game.php?id=1611021"]
[Date "2020.5.6"]
[Round "-"]
[White "Vetao"]
[Black "roberto_falk"]
[Result "1-0"]
[WhiteElo "1682"]
[BlackElo "1665"]

1. e4 c5 2. Bc4 g6 3. Qf3 e6 4. d3 h6 5. Bd2 Bg7 6. Bc3 Nf6 7. Na3 O-O 8. Bb3 d5
9. e5 Nfd7 10. d4 cxd4 11. Bxd4 Nc6 12. c3 Ncxe5 13. Bxe5 Bxe5 14. Qe3 Bg7 15.
g4 Qh4 16. h3 Qe7 17. h4 f5 18. g5 h5 19. Nh3 Ne5 20. O-O-O Ng4 21. Qe2 a6 22.
Nf4 Kh7 23. Nc2 Bd7 24. f3 Bb5 25. Qe1 Ne5 26. Kb1 a5 27. Nd4 a4 28. Ndxe6 axb3
29. Nxf8+ Qxf8 30. axb3 Nxf3 31. Qf2 Bxc3 32. Qxf3 Bxb2 33. Qxd5 Ra1+ 34. Kxb2
Bc6 35. Qe6 Qa3+ 36. Kc3 Qa5+ 37. Kb2 Ra2+ 38. Kb1 Be4+ 39. Nd3 Qc3 40. Kxa2
Qc2+ 41. Nb2 Bxh1 42. Rd7+ Kh8 43. Qe8# 1-0

[Event "Challenge"]
[Site "http://www.queenalice.com/game.php?id=1612045"]
[Date "2020.5.13"]
[Round "-"]
[White "roberto_falk"]
[Black "Vetao"]
[Result "1/2-1/2"]
[WhiteElo "1650"]
[BlackElo "1697"]

1. d4 e6 2. Bf4 h6 3. e3 Nf6 4. c3 d5 5. Bd3 a6 6. Nf3 Nc6 7. O-O Nh5 8. Bg3
Nxg3 9. fxg3 Bd6 10. Nbd2 e5 11. dxe5 Bxe5 12. Qc2 Be6 13. Rae1 Qd6 14. e4 O-O-O
15. exd5 Bxd5 16. Bc4 Qc5+ 17. Kh1 Bxc4 18. Nxc4 Qxc4 19. Qf5+ Kb8 20. Nxe5 Nxe5
21. Rf4 Qxa2 22. Rxe5 Rd1+ 23. Rf1 Rxf1+ 24. Qxf1 f6 25. Re7 Rg8 26. b4 Qa3 27.
Qe1 a5 28. h3 g5 29. Re8+ Rxe8 30. Qxe8+ Ka7 31. Qe3+ b6 32. Qd4 f5 33. Qg7 Kb7
34. bxa5 Qa1+ 35. Kh2 Qxa5 36. Qxh6 f4 37. gxf4 gxf4 38. Qxf4 Qxc3 39. Qf3+ Qxf3
40. gxf3 c5 41. h4 c4 42. h5 c3 43. h6 c2 44. h7 c1=Q 45. h8=Q Qf4+ 46. Kg2 b5
47. Qh7+ Kb6 48. Qb1 Qc4 49. Kg3 b4 50. Kf2 Kb5 51. Ke3 b3 52. Qd3 Kb4 53. Qxc4+
Kxc4 54. Kd2 Kd4 55. f4 Ke4 56. Kc3 Kxf4 57. Kxb3 Ke4 58. Kc3 Kd5 59. Kd3
1/2-1/2

[Event "Challenge"]
[Site "http://www.queenalice.com/game.php?id=1612738"]
[Date "2020.5.18"]
[Round "-"]
[White "roberto_falk"]
[Black "Vetao"]
[Result "1-0"]
[WhiteElo "1652"]
[BlackElo "1695"]

1. d4 e6 2. Bf4 h6 3. e3 Nf6 4. Bd3 a6 5. Nf3 Nc6 6. O-O Nh5 7. Bg3 Nxg3 8. hxg3
d6 9. Nh2 b6 10. Qf3 Qe7 11. Qxc6+ Qd7 12. Qxa8 b5 13. Qf3 d5 14. Nd2 Bd6 15.
Qh5 O-O 16. Ng4 f5 17. Ne5 Bxe5 18. dxe5 Bb7 19. Nb3 Qe7 20. f3 c5 21. Nd2 Qc7
22. f4 c4 23. Be2 Qc5 24. Qf3 Rb8 25. c3 Qb6 26. Qf2 a5 27. Nf3 b4 28. Nd4 bxc3
29. bxc3 Qd8 30. Nxe6 Qe7 31. Nd4 g5 32. Nxf5 Qe6 33. fxg5 hxg5 34. Rab1 Qxe5
35. Nh6+ Kh8 36. Nf7+ Kh7 37. Nxe5 Rg8 38. Qf7+ Rg7 39. Qxg7+ Kxg7 40. Rxb7+ 1-0

[Event "Challenge"]
[Site "http://www.queenalice.com/game.php?id=1613073"]
[Date "2020.5.20"]
[Round "-"]
[White "roberto_falk"]
[Black "Vetao"]
[Result "1-0"]
[WhiteElo "1670"]
[BlackElo "1677"]

1. d4 h6 2. Bf4 d6 3. e3 e6 4. Nf3 Nf6 5. Bd3 Nd5 6. Bg3 a6 7. c4 Nb4 8. Qa4+
N8c6 9. Qd1 Nxd3+ 10. Qxd3 b5 11. cxb5 axb5 12. Qxb5 Bd7 13. Qb3 Rb8 14. Qc3 d5
15. O-O Bb4 16. Qd3 Bd6 17. Ne5 Bxe5 18. Bxe5 Nxe5 19. dxe5 O-O 20. Qd2 Qg5 21.
f4 Qg6 22. b3 Rfd8 23. Nc3 Bc6 24. Qd4 Rb6 25. Rf3 Rdb8 26. Raf1 Rb4 27. Qa7 d4
28. Rg3 Qd3 29. exd4 Qd2 30. Qxc7 Qxd4+ 31. Kh1 Qc5 32. Ne4 Qb5 33. Nf6+ Kf8 34.
Qd6# 1-0

[Event "Challenge"]
[Site "http://www.queenalice.com/game.php?id=1613888"]
[Date "2020.5.26"]
[Round "-"]
[White "Vetao"]
[Black "roberto_falk"]
[Result "0-1"]
[WhiteElo "1661"]
[BlackElo "1686"]

1. e4 c5 2. Bc4 g6 3. Qf3 e6 4. d3 Bg7 5. Nh3 Nf6 6. Bd2 O-O 7. Bg5 e5 8. Nc3
Nc6 9. Ne2 Nd4 10. Nxd4 cxd4 11. c3 Qb6 12. cxd4 Qb4+ 13. Bd2 Qxb2 14. Rd1 Qxd4
15. O-O d6 16. Be3 Qb2 17. d4 Bxh3 18. Qxh3 Nxe4 19. dxe5 Qxe5 20. Qf3 Rac8 21.
Rc1 Nc3 22. Bb3 d5 23. Rfe1 Qd6 24. Bd2 Ne4 25. Rxc8 Rxc8 26. Bf4 Qb4 27. Rf1
Qc5 28. g3 Bd4 29. Rc1 Bxf2+ 30. Kg2 Qxc1 31. Bxc1 Rxc1 32. Qf4 Rg1+ 33. Kf3 Rf1
34. Qb8+ Kg7 35. Qe5+ f6 36. Qe7+ Kh6 37. Qf8+ Kg5 38. h4+ Kf5 39. Qc8+ Ke5 40.
Qxb7 Bxg3+ 41. Ke2 Rf2+ 42. Kd1 Bxh4 43. Qc7+ Kf5 44. Qxh7 Bg5 45. Qh3+ Ke5 46.
Qd7 d4 47. Qe6+ Kf4 48. Bd5 Nc3+ 49. Kc1 d3 50. Qd6+ Kg4+ 51. Qf4+ Bxf4# 0-1

[Event "Challenge"]
[Site "http://www.queenalice.com/game.php?id=1614507"]
[Date "2020.5.30"]
[Round "-"]
[White "roberto_falk"]
[Black "Vetao"]
[Result "1-0"]
[WhiteElo "1701"]
[BlackElo "1646"]

1. d4 e6 2. Bf4 Bb4+ 3. c3 Ba5 4. e3 Nf6 5. Bd3 d6 6. Nf3 h6 7. O-O Bd7 8. Nbd2
c5 9. Nc4 O-O 10. Bxd6 Re8 11. Bxc5 Bc7 12. Qc2 b6 13. Ba3 Bc6 14. Nfe5 Bxe5 15.
dxe5 Nfd7 16. Nd6 Qg5 17. f4 Qxg2+ 18. Qxg2 Bxg2 19. Nxe8 Bxf1 20. Rxf1 Nc6 21.
Bb5 Ncxe5 22. fxe5 Nxe5 23. Nd6 f6 24. Nc4 Ng4 25. h3 Ne5 26. Nxe5 fxe5 27. Bc4
1-0

[Event "Challenge"]
[Site "http://www.queenalice.com/game.php?id=1615073"]
[Date "2020.6.3"]
[Round "-"]
[White "Vetao"]
[Black "roberto_falk"]
[Result "0-1"]
[WhiteElo "1632"]
[BlackElo "1715"]

1. e4 e6 2. d4 d5 3. e5 c5 4. Nf3 Nc6 5. Bg5 Be7 6. Bxe7 Qxe7 7. Bb5 Bd7 8. dxc5
Qxc5 9. Bxc6 Bxc6 10. Nc3 Bb5 11. Qd2 Ne7 12. Nxb5 Qxb5 13. b3 O-O 14. Nd4 Qa6
15. a4 Rac8 16. b4 Qc4 17. Ne2 Qxc2 18. Qxc2 Rxc2 19. Nd4 Rc4 20. Nb5 a6 21. Nd6
Rxb4 22. O-O Nc8 23. Nxc8 Rxc8 24. h3 Rcc4 25. Rab1 a5 26. f4 f5 0-1

[Event "Challenge"]
[Site "http://www.queenalice.com/game.php?id=1615645"]
[Date "2020.6.8"]
[Round "-"]
[White "roberto_falk"]
[Black "Vetao"]
[Result "1-0"]
[WhiteElo "1728"]
[BlackElo "1619"]

1. d4 e6 2. Bf4 Qf6 3. e3 d6 4. Bd3 Ne7 5. c4 Nec6 6. Nf3 b6 7. O-O Ba6 8. Bg5
Bxc4 9. Bxf6 Bxd3 10. Qxd3 gxf6 11. Nc3 Nb4 12. Qb5+ N8c6 13. a3 a6 14. Qc4 b5
15. Qe2 Nd5 16. Nxd5 exd5 17. Rac1 Ne7 18. Rxc7 Bg7 19. Rfc1 Bh6 20. R1c2 f5 21.
Nh4 Ng6 22. Nxf5 Bg5 23. Nxd6+ Kf8 24. Nxf7 1-0

[Event "Challenge"]
[Site "http://www.queenalice.com/game.php?id=1616432"]
[Date "2020.6.13"]
[Round "-"]
[White "Vetao"]
[Black "roberto_falk"]
[Result "1-0"]
[WhiteElo "1607"]
[BlackElo "1740"]

1. e4 c5 2. Nc3 g6 3. Nf3 Bg7 4. Bc4 Nc6 5. Ng5 e6 6. Qf3 Qxg5 7. O-O Nf6 8. Ne2
O-O 9. c3 d5 10. h3 dxc4 11. d4 cxd4 12. Bxg5 Nd7 13. h4 Nde5 14. Qg3 d3 15. Nc1
h6 16. Bf4 Rd8 17. Rd1 b5 18. b3 Bb7 19. bxc4 bxc4 20. Rb1 Ba6 21. h5 g5 22. Be3
Rd7 23. f4 gxf4 24. Bxf4 Rad8 25. Bxh6 f6 26. Rb2 Kf8 27. Bf4 Bh8 28. Rf2 Rg7
29. Qh2 Ng4 30. Qh4 Nxf2 31. Qxf2 Rdd7 32. Bh6 Ne5 33. Qxf6+ Kg8 34. Bxg7 Rxg7
35. Qxe6+ Kh7 36. Qxa6 Nf3+ 37. Kf2 Nh4 38. Qxc4 Rxg2+ 39. Kf1 Nf5 40. exf5 1-0

[Event "Challenge"]
[Site "http://www.queenalice.com/game.php?id=1617636"]
[Date "2020.6.22"]
[Round "-"]
[White "Vetao"]
[Black "roberto_falk"]
[Result "0-1"]
[WhiteElo "1628"]
[BlackElo "1719"]

1. e4 d6 2. d4 c5 3. Be3 Nf6 4. Nc3 Qa5 5. f3 g6 6. Bd3 Nc6 7. Ne2 Bg7 8. dxc5
dxc5 9. Bd2 O-O 10. Nd5 Qd8 11. Be3 Nxd5 12. exd5 Qxd5 13. Nc3 Bxc3+ 14. bxc3
Rd8 15. O-O Qe5 16. Qe1 Bf5 17. f4 Qf6 18. Bxc5 Bxd3 19. cxd3 Rxd3 20. Rc1 Rad8
21. h3 b6 22. Ba3 R8d7 23. Bb2 Rd2 24. Rb1 Rc2 25. Qe4 Rdd2 26. Kh1 Rxb2 27.
Rxb2 Rxb2 28. Rb1 Rxb1+ 29. Qxb1 Qxf4 30. Qb5 Qc1+ 31. Kh2 Qxc3 32. a4 Qe5+ 0-1

[Event "Challenge"]
[Site "http://www.queenalice.com/game.php?id=1618097"]
[Date "2020.6.26"]
[Round "-"]
[White "MADMIKE"]
[Black "roberto_falk"]
[Result "0-1"]
[WhiteElo "1831"]
[BlackElo "1752"]

1. d4 e6 2. e4 d5 3. e5 c5 4. c3 Nc6 5. Nf3 Qb6 6. dxc5 Bxc5 7. Qd2 Nge7 8. Bd3
Nf5 9. Bxf5 exf5 10. O-O O-O 11. Qe2 Be6 12. b4 Be7 13. a4 a5 14. b5 Nd8 15. Be3
Bc5 16. Nd4 Rc8 17. Nd2 f6 18. exf6 Rxf6 19. N2f3 f4 20. Bd2 Nf7 21. h3 Re8 22.
Qd3 h6 23. Rae1 Ng5 24. Ne5 f3 25. Nexf3 Bxd4 26. Nxd4 Ref8 27. Be3 Qd6 28. f4
Ne4 29. f5 Bxf5 30. Nxf5 Rxf5 31. Bd4 Qg6 32. c4 Ng5 33. cxd5 Rxf1+ 34. Qxf1
Rxf1+ 35. Rxf1 Nxh3+ 36. Kh2 Qd3 37. Rf3 Qxd4 38. Rxh3 Qxd5 39. Rf3 Qc4 40. Ra3
g5 41. g3 g4 0-1

[Event "Challenge"]
[Site "http://www.queenalice.com/game.php?id=1618098"]
[Date "2020.6.26"]
[Round "-"]
[White "roberto_falk"]
[Black "MADMIKE"]
[Result "1-0"]
[WhiteElo "1731"]
[BlackElo "1852"]

1. d4 d5 2. Bf4 e6 3. e3 a6 4. Bd3 h6 5. Nf3 Be7 6. O-O Nf6 7. Ne5 O-O 8. Nd2
Nc6 9. Ndf3 Nxe5 10. dxe5 Ne4 11. Nd2 Nxd2 12. Qxd2 f6 13. Qe2 fxe5 14. Bxe5 Bf6
15. f4 Bxe5 16. fxe5 c5 17. c3 c4 18. Rxf8+ Qxf8 19. Rf1 Qe7 20. Bg6 Qg5 21.
Rf8+ Kxf8 22. Qf3+ Ke7 23. Qf7+ Kd8 24. Qf8+ 1-0

[Event "Challenge"]
[Site "http://www.queenalice.com/game.php?id=1618197"]
[Date "2020.6.27"]
[Round "-"]
[White "roberto_falk"]
[Black "Vetao"]
[Result "1-0"]
[WhiteElo "1771"]
[BlackElo "1616"]

1. d4 e6 2. Bf4 Nc6 3. e3 a6 4. Bd3 h6 5. Nf3 Nf6 6. O-O d6 7. Nbd2 Nd5 8. Bg3
Be7 9. a3 Bf6 10. c3 e5 11. e4 Nf4 12. Bxf4 exf4 13. d5 Ne5 14. Nxe5 Bxe5 15. f3
Qg5 16. Nc4 Bh3 17. Rf2 h5 18. Kf1 Bd7 19. Nxe5 dxe5 20. g3 Bh3+ 21. Ke2 O-O-O
22. Qb3 Rd6 23. c4 Rb6 24. Qc3 fxg3 25. hxg3 h4 26. g4 Bxg4 27. c5 Rf6 28. c6
Bxf3+ 29. Rxf3 Qg2+ 30. Ke1 Qg1+ 31. Kd2 Qg2+ 32. Be2 bxc6 33. Rxf6 gxf6 34.
Qxc6 Qg5+ 35. Kc2 Rg8 36. Bxa6+ Kd8 37. d6 Qg2+ 38. Kb3 Rg3+ 39. Ka2 cxd6 40.
Qxd6+ Ke8 41. Bb5# 1-0

[Event "Challenge"]
[Site "http://www.queenalice.com/game.php?id=1619045"]
[Date "2020.7.3"]
[Round "-"]
[White "Vetao"]
[Black "roberto_falk"]
[Result "0-1"]
[WhiteElo "1606"]
[BlackElo "1781"]

1. e4 e6 2. d4 d5 3. e5 c5 4. dxc5 Bxc5 5. Nh3 Ne7 6. a3 O-O 7. Bd3 Ng6 8. Bf4
Qh4 9. Bg5 Bxf2+ 10. Nxf2 Qxg5 11. g3 Qxe5+ 12. Be2 Qxb2 13. Nd2 Nc6 14. Nd3 Qc3
15. Qb1 f5 16. Kd1 Nd4 17. Rf1 b6 18. Nb4 Nxe2 19. Kxe2 Bb7 20. Na2 Qd4 21. Nb4
Rac8 22. Rf3 Rc3 23. Rxc3 Qxc3 24. Ra2 Qe5+ 25. Kd1 Rc8 26. Rb2 Qe3 27. Nd3 d4
28. c4 Be4 29. Rb3 Qg1+ 30. Kc2 Qxh2 31. g4 Rxc4+ 32. Kd1 Nf4 33. Nxc4 Bxd3 34.
Rxd3 Qe2+ 0-1